000 00912pam a2200277 a 4500
001 1087682
003 OSt
005 20170603020039.0
008 920513s1993 nyuab b 001 0 eng
010 _a 92020045
020 _a007061184X
040 _aDLC
_cDLC
_dDLC
050 0 0 _aGN60
_b.S72 1993
082 0 0 _a573
_220
100 1 _aStein, Philip L.
245 1 0 _aPhysical anthropology /
_cPhilip L. Stein, Bruce M. Rowe.
250 _a5th ed.
260 _aNew York :
_bMcGraw-Hill,
_cc1993.
300 _a1 v. (various pagings) :
_bill. (some col.), maps (some col.) ;
_c26 cm.
504 _aIncludes bibliographical references and index.
650 0 _aPhysical anthropology.
700 1 _aRowe, Bruce M.
906 _a7
_bcbc
_corignew
_d1
_eocip
_f19
_gy-gencatlg
942 _2lcc
_cBOOKS
_01
999 _c13716
_d13716